[Event "I Open Oro Caffe'"]
[Site "Udine ITA"]
[Date "2008.07.07"]
[Round "3"]
[White "Baroncelli, Luca"]
[Black "Rossi, Francesco"]
[Result "0-1"]
[WhiteElo "1510"]
[BlackElo "1677"]
[PlyCount "77"]
[EventDate "2008.07.05"]

1. e4 e5 2. Nf3 Nc6 3. Bb5 a6 4. Ba4 Nf6 5. O-O b5 6. Bb3 d6 7. Re1 Be7 8. c3
Na5 9. Bc2 c5 10. h3 O-O 11. b3 Qc7 12. Bb2 c4 13. d4 cxd3 14. Qxd3 Nb7 15.
Nbd2 Nc5 16. Qe2 Nh5 17. Nf1 Nf4 18. Qd2 Qd7 19. Ng3 g6 20. Rad1 Qe6 21. b4 Nb7
22. Bb3 Qf6 23. a4 h5 24. Re3 Nd8 25. axb5 axb5 26. Ne2 Be6 27. Bc2 Nxe2+ 28.
Qxe2 Bd7 29. Bb3 Ne6 30. g3 Ng5 31. h4 Nh3+ 32. Kg2 Kg7 33. Rh1 g5 34. hxg5
Nxg5 35. Rxh5 Bg4 36. Qf1 Bxh5 37. Nh4 Bg6 38. f4 Nxe4 39. Kh2 0-1

[Event "I Open Oro Caffe'"]
[Site "Udine ITA"]
[Date "2008.07.07"]
[Round "3"]
[White "Bisaro, Andrea"]
[Black "Bortolosso, Paolo"]
[Result "1-0"]
[WhiteElo "1614"]
[BlackElo "1464"]
[PlyCount "51"]
[EventDate "2008.07.05"]

1. d4 d5 2. c4 c6 3. Nc3 Bf5 4. cxd5 cxd5 5. Qb3 Nc6 6. e3 Rb8 7. Qxd5 Qxd5 8.
Nxd5 e6 9. Nc3 Nb4 10. Bb5+ Kd8 11. Kd2 Nc2 12. Rb1 Nxd4 13. exd4 Bxb1 14. Nxb1
Nf6 15. Nf3 Rc8 16. Ne5 Bb4+ 17. Kd3 Ke7 18. Nc3 Rhd8 19. a3 Bd6 20. f4 Bxe5
21. fxe5 Ng4 22. Re1 Rc5 23. Ke4 Rc7 24. h3 f5+ 25. Kf3 Nh6 26. Bg5+ 1-0

[Event "I Open Oro Caffe'"]
[Site "Udine ITA"]
[Date "2008.07.07"]
[Round "3"]
[White "Bortolosso, Mario"]
[Black "Fermo, Ruggero"]
[Result "1-0"]
[WhiteElo "1530"]
[BlackElo "1765"]
[PlyCount "64"]
[EventDate "2008.07.05"]

1. e4 e5 2. Nf3 Nc6 3. Nc3 Nf6 4. d4 exd4 5. Nxd4 Bb4 6. Nxc6 bxc6 7. Bd3 O-O
8. O-O d5 9. e5 Ng4 10. f4 Bc5+ 11. Kh1 Nxh2 12. Qh5 g6 13. Qxh2 f6 14. Bd2 Be6
15. f5 gxf5 16. g4 d4 17. gxf5 Bd5+ 18. Ne4 Kh8 19. Rg1 Qe7 20. Bf4 Rg8 21. e6
Bd6 22. Bxd6 cxd6 23. Rxg8+ Rxg8 24. Re1 Rd8 25. Qh4 c5 26. b3 Rf8 27. Kh2 Bc6
28. Nf2 d5 29. Ng4 Be8 30. Nh6 Qd6+ 31. Qg3 Qe5 32. Kh3 Qxg3+ 1-0

[Event "I Open Oro Caffe'"]
[Site "Udine ITA"]
[Date "2008.07.07"]
[Round "3"]
[White "Canciani, Sardo"]
[Black "Muradore, Aldo"]
[Result "1-0"]
[WhiteElo "1529"]
[BlackElo "1550"]
[PlyCount "65"]
[EventDate "2008.07.05"]

1. c4 c5 2. Nc3 Nf6 3. Nf3 Nc6 4. d4 cxd4 5. Nxd4 Nxd4 6. Qxd4 d6 7. e4 e5 8.
Qd3 Be7 9. Bg5 O-O 10. Bxf6 Bxf6 11. Be2 Bg5 12. O-O Be6 13. b3 Qd7 14. Rad1 f5
15. Qxd6 Qf7 16. Qd3 Rad8 17. Qc2 f4 18. f3 h5 19. Rxd8 Rxd8 20. Rd1 Rxd1+ 21.
Qxd1 h4 22. h3 Qg6 23. Bf1 Be7 24. Qc2 Bxh3 25. Nd5 Bc5+ 26. Kh1 Qg3 27. Qe2
Bc8 28. b4 Bd4 29. Ne7+ Kf8 30. Nxc8 h3 31. Nd6 hxg2+ 32. Qxg2 Qh4+ 33. Qh3 1-0

[Event "I Open Oro Caffe'"]
[Site "Udine ITA"]
[Date "2008.07.07"]
[Round "3"]
[White "Capizzi, Biagio"]
[Black "Del Forno Sinicco, Michele"]
[Result "1-0"]
[WhiteElo "1820"]
[BlackElo "1559"]
[PlyCount "67"]
[EventDate "2008.07.05"]

1. d4 Nf6 2. c4 e6 3. Nc3 b6 4. e4 Bb4 5. Bd3 Bxc3+ 6. bxc3 Bb7 7. Qc2 c5 8.
Nf3 d6 9. O-O Nbd7 10. Bg5 h6 11. Bh4 g5 12. Bg3 Qc7 13. Qe2 e5 14. Rfe1 O-O-O
15. d5 Rdg8 16. a4 h5 17. h4 g4 18. Nd2 a5 19. Rab1 Kb8 20. Rb2 Ka7 21. Reb1
Rb8 22. Nf1 Ne8 23. Qd2 f6 24. Ne3 Ng7 25. Rb3 Ba6 26. Nc2 f5 27. exf5 Nxf5 28.
Bxf5 Bxc4 29. R3b2 b5 30. Ne3 Nf6 31. axb5 Bxd5 32. Nxd5 Nxd5 33. Qxd5 Rb6 34.
Ra1 1-0

[Event "I Open Oro Caffe'"]
[Site "Udine ITA"]
[Date "2008.07.07"]
[Round "3"]
[White "Cisilino, Oscar"]
[Black "Licandro, Michele"]
[Result "1-0"]
[WhiteElo "1727"]
[BlackElo "1487"]
[PlyCount "107"]
[EventDate "2008.07.05"]

1. c4 g6 2. Nc3 Bg7 3. g3 d6 4. Bg2 Nd7 5. Nf3 e6 6. O-O Ne7 7. Rb1 Rb8 8. d3
a6 9. Bg5 h6 10. Bd2 b6 11. Re1 c5 12. b4 Nc6 13. b5 Nd4 14. a4 a5 15. Nh4 g5
16. Nf3 Nxf3+ 17. Bxf3 Ne5 18. Bg2 Bb7 19. f4 Bxg2 20. fxe5 Bh3 21. Ne4 Bxe5
22. Nf2 Bf5 23. e4 Bg6 24. Ng4 Bd4+ 25. Be3 Bg7 26. Qd2 e5 27. Rf1 Rb7 28. Qf2
O-O 29. Nf6+ Bxf6 30. Qxf6 Qxf6 31. Rxf6 Rd7 32. g4 Kg7 33. Rbf1 Re8 34. Kg2
Re6 35. R6f2 f6 36. Kg3 h5 37. h3 Rd8 38. Rh2 Rh8 39. Bd2 Be8 40. Rhf2 Rf8 41.
Bxg5 hxg4 42. hxg4 Bg6 43. Bd2 Kf7 44. g5 Kg7 45. gxf6+ Rexf6 46. Bh6+ Kxh6 47.
Rxf6 Rd8 48. Kh4 Kg7 49. Kg5 Bh7 50. Rf7+ Kh8 51. Rf8+ Rxf8 52. Rxf8+ Bg8 53.
Rf6 Kg7 54. Rxd6 1-0

[Event "I Open Oro Caffe'"]
[Site "Udine ITA"]
[Date "2008.07.07"]
[Round "3"]
[White "Giancotti, Eraldo"]
[Black "Tonon, Alessandro"]
[Result "0-1"]
[WhiteElo "2092"]
[BlackElo "2227"]
[PlyCount "74"]
[EventDate "2008.07.05"]

1. Nf3 d5 2. g3 Nf6 3. Bg2 g6 4. b3 Bg7 5. Bb2 O-O 6. c4 c6 7. O-O Nbd7 8. Qc2
e6 9. Nc3 Re8 10. d4 Qe7 11. e4 dxe4 12. Nxe4 Nxe4 13. Qxe4 f5 14. Qc2 b6 15.
Rfe1 Bb7 16. Re2 c5 17. Rae1 Be4 18. Qd2 Bf6 19. Qe3 Qg7 20. Rd1 Rad8 21. Ne1
Bxg2 22. Kxg2 Nb8 23. Nf3 Nc6 24. Red2 cxd4 25. Nxd4 Nxd4 26. Bxd4 Bxd4 27.
Rxd4 Rxd4 28. Rxd4 Qb7+ 29. f3 e5 30. Rd5 e4 31. Qd4 exf3+ 32. Kf2 Qe7 33. Qd2
f4 34. gxf4 Qh4+ 35. Kf1 Qh3+ 36. Kg1 Re1+ 37. Qxe1 Qg2# 0-1

[Event "I Open Oro Caffe'"]
[Site "Udine ITA"]
[Date "2008.07.07"]
[Round "3"]
[White "Giordano, Massimiliano"]
[Black "Venuti, Federico"]
[Result "1-0"]
[WhiteElo "1912"]
[BlackElo "1598"]
[PlyCount "79"]
[EventDate "2008.07.05"]

1. b3 e5 2. Bb2 d6 3. c4 Nc6 4. g3 Nf6 5. Bg2 Bd7 6. Nc3 Be7 7. d3 O-O 8. e3
Rb8 9. Nge2 Qc8 10. Nd5 Bd8 11. h4 Nxd5 12. cxd5 Ne7 13. d4 f6 14. f4 exd4 15.
Nxd4 Nf5 16. Kf2 Nxd4 17. Bxd4 b6 18. Rc1 Bg4 19. Qd2 Qd7 20. a4 a6 21. Bf1 Qf5
22. Bd3 Qh5 23. Qc2 b5 24. axb5 axb5 25. Be4 Re8 26. Ra1 f5 27. Bg2 Qf7 28. Ra7
Qd7 29. b4 Rc8 30. Rc1 Qf7 31. Qc6 Bf6 32. Bxf6 Qxf6 33. Rxc7 Ra8 34. Qd7 Bh5
35. Rc8 Qb2+ 36. R1c2 Qb3 37. R8c3 Qxb4 38. Rc7 Qe1+ 39. Kxe1 Rxe3+ 40. Kf2 1-0

[Event "I Open Oro Caffe'"]
[Site "Udine ITA"]
[Date "2008.07.07"]
[Round "3"]
[White "Muzzolini, Claudio"]
[Black "Gabassi, Francesco"]
[Result "0-1"]
[WhiteElo "1868"]
[BlackElo "1894"]
[PlyCount "70"]
[EventDate "2008.07.05"]

1. e4 d5 2. exd5 Qxd5 3. Nc3 Qa5 4. d4 c6 5. Bd3 Bf5 6. Nf3 Bxd3 7. Qxd3 Nf6 8.
O-O e6 9. Bd2 Nbd7 10. Rfe1 Bb4 11. Ne5 O-O 12. a3 Bxc3 13. Bxc3 Qc7 14. Re3
Nxe5 15. Rxe5 Rfd8 16. Qh3 Rd5 17. Rae1 Rad8 18. Qf3 Rxe5 19. dxe5 Nd5 20. Bd2
Qb6 21. Bc1 Qc5 22. c3 Nb6 23. Qg3 Kh8 24. h4 Qc4 25. h5 Rd3 26. Qg5 h6 27. Qe7
Rd7 28. Qe8+ Kh7 29. Be3 Qd5 30. Bxb6 axb6 31. Qa8 Qd2 32. Re3 Qxb2 33. Qf8
Qb1+ 34. Kh2 Qf5 35. g4 Qxf2+ 0-1

[Event "I Open Oro Caffe'"]
[Site "Udine ITA"]
[Date "2008.07.07"]
[Round "3"]
[White "Naumkin, Igor"]
[Black "Punteri, Marco"]
[Result "1-0"]
[WhiteElo "2502"]
[BlackElo "2011"]
[PlyCount "57"]
[EventDate "2008.07.05"]

1. d4 Nf6 2. c4 c5 3. d5 b5 4. cxb5 a6 5. bxa6 g6 6. Nc3 Bxa6 7. Nf3 Bg7 8. Nd2
O-O 9. e4 Bxf1 10. Nxf1 Qa5 11. Nd2 d6 12. O-O Qa6 13. a4 Nbd7 14. Nb5 Rfc8 15.
Ra3 c4 16. Qc2 Nc5 17. h3 Nfd7 18. Nf3 Nd3 19. Nfd4 N7c5 20. Nc6 Kf8 21. Bg5 f6
22. Be3 Nxe4 23. Qxc4 Ndc5 24. b4 Nxa4 25. Rfa1 f5 26. Rxa4 Qxa4 27. Rxa4 Rxa4
28. g3 Rca8 29. Nc7 1-0

[Event "I Open Oro Caffe'"]
[Site "Udine ITA"]
[Date "2008.07.07"]
[Round "3"]
[White "Orsatti, Marcello"]
[Black "Petrosino, Germano"]
[Result "1-0"]
[WhiteElo "2004"]
[BlackElo "1832"]
[PlyCount "144"]
[EventDate "2008.07.05"]

1. c4 e6 2. Nc3 d5 3. cxd5 exd5 4. d3 Nf6 5. g3 c6 6. Bg2 Bf5 7. Nf3 h6 8. O-O
Be7 9. a3 O-O 10. b4 Nbd7 11. Bb2 Re8 12. Re1 Bf8 13. Rc1 Rc8 14. Na4 a5 15.
Nc5 axb4 16. axb4 Nxc5 17. bxc5 Nd7 18. d4 b6 19. cxb6 Qxb6 20. Bc3 Bd6 21. Nh4
Bh7 22. Bh3 Qd8 23. e3 Ra8 24. Nf5 Nb6 25. Qg4 Qf6 26. Nxd6 Qxd6 27. Bg2 Be4
28. f3 f5 29. Qh5 Bd3 30. Rcd1 Bc2 31. Rd2 Bb3 32. Qxf5 Nc4 33. Rde2 Ra2 34.
Rxa2 Bxa2 35. Qc2 Qa3 36. e4 Bb3 37. Qd3 Nb2 38. Bxb2 Qxb2 39. Rb1 Bc2 40. Rxb2
Bxd3 41. e5 Ra8 42. Kf2 Bb5 43. Ke3 Ra3+ 44. Kf4 Ra4 45. e6 Rxd4+ 46. Ke5 Ra4
47. f4 Kf8 48. Bxd5 Ke7 49. Be4 Ra5 50. f5 Bf1+ 51. Kf4 Ra4 52. Ke3 Bb5 53. Rd2
Ra7 54. g4 Ra3+ 55. Kf4 Ra7 56. h4 c5 57. Rb2 Be8 58. Rb7+ Rxb7 59. Bxb7 c4 60.
Ke3 Bb5 61. Kd4 c3 62. Kxc3 Be2 63. g5 hxg5 64. hxg5 Bg4 65. Be4 g6 66. f6+
Kxe6 67. Bxg6 Bf3 68. Kd4 Bc6 69. Ke3 Ba4 70. Kf4 Bd1 71. Bh7 Be2 72. Bg6 Kd7
1-0

[Event "I Open Oro Caffe'"]
[Site "Udine ITA"]
[Date "2008.07.07"]
[Round "3"]
[White "Pagnutti, Lorenzo"]
[Black "Capaliku, Aleks"]
[Result "1/2-1/2"]
[WhiteElo "2036"]
[BlackElo "2114"]
[PlyCount "65"]
[EventDate "2008.07.05"]

1. e4 e5 2. Nf3 Nc6 3. Bc4 Bc5 4. c3 Nf6 5. d3 a6 6. O-O d6 7. h3 O-O 8. Bb3
Be6 9. Nbd2 Qd7 10. Ng5 Bxb3 11. Nxb3 Ba7 12. Be3 h6 13. Nf3 Rfe8 14. Re1 Ne7
15. Bxa7 Rxa7 16. Kh2 Ng6 17. g3 Raa8 18. Nbd2 d5 19. Qc2 Rad8 20. Rad1 c6 21.
b4 Qc7 22. Nb3 b6 23. Nfd2 Rd7 24. f3 Red8 25. Nf1 c5 26. bxc5 bxc5 27. c4 d4
28. Rb1 Rd6 29. Nbd2 Rb8 30. Rxb8+ Qxb8 31. Rb1 Rb6 32. Rxb6 Qxb6 33. Qb3
1/2-1/2

[Event "I Open Oro Caffe'"]
[Site "Udine ITA"]
[Date "2008.07.07"]
[Round "3"]
[White "Picco, Ruggero"]
[Black "Fantini, Marco"]
[Result "1-0"]
[WhiteElo "2128"]
[BlackElo "2067"]
[PlyCount "59"]
[EventDate "2008.07.05"]

1. d4 d5 2. Nf3 c5 3. g3 Nc6 4. Bg2 Nf6 5. O-O cxd4 6. Nxd4 e5 7. Nxc6 bxc6 8.
c4 Be6 9. Qa4 Qd7 10. Nc3 Rc8 11. cxd5 cxd5 12. Qxd7+ Kxd7 13. Rd1 d4 14. e3
Bc5 15. Na4 Bb4 16. exd4 e4 17. Nc5+ Bxc5 18. dxc5+ Kc6 19. Be3 Bd5 20. b4 Ng4
21. Bd4 f6 22. a4 Rhd8 23. b5+ Kc7 24. Bc3 Rd7 25. Ba5+ Kb8 26. c6 Rd6 27. Bxe4
Bxe4 28. Rxd6 Ne5 29. Rc1 Nf3+ 30. Kf1 1-0

[Event "I Open Oro Caffe'"]
[Site "Udine ITA"]
[Date "2008.07.07"]
[Round "3"]
[White "Prelec, Fausto"]
[Black "Degano, Emanuele"]
[Result "1/2-1/2"]
[WhiteElo "1452"]
[BlackElo "1647"]
[PlyCount "121"]
[EventDate "2008.07.05"]

1. c4 Nf6 2. Nc3 c6 3. Nf3 d5 4. cxd5 cxd5 5. d4 Nc6 6. g3 e6 7. Bg2 Be7 8. O-O
a6 9. Re1 b5 10. a3 Bb7 11. b4 O-O 12. Bb2 Nd7 13. e3 Nb6 14. Nd2 Na7 15. e4
dxe4 16. Ncxe4 Nd5 17. Nb3 Nc8 18. Na5 Ra7 19. Nxb7 Rxb7 20. Rc1 Ncb6 21. Nc5
Ra7 22. Rc2 Nc4 23. Bc1 a5 24. Rce2 Nc3 25. Qd3 Nxe2+ 26. Qxe2 Qxd4 27. Rd1 Qe5
28. Qf3 Bxc5 29. bxc5 Qxc5 30. Qg4 Ne5 31. Qe2 Nc4 32. Qg4 Nxa3 33. Be3 Qe7 34.
Bxa7 Qxa7 35. Bf1 Qc5 36. Qe4 Qf5 37. Qxf5 exf5 38. Rd5 Kh8 39. Rxf5 Rb8 40.
Rxf7 Nc4 41. Rc7 Na3 42. Rc5 a4 43. Bd3 g6 44. Kf1 b4 45. Ra5 Rd8 46. Ke2 b3
47. Rxa4 b2 48. Rxa3 Rxd3 49. Ra8+ Kg7 50. Rb8 Ra3 51. Rxb2 Ra1 52. Kf3 h5 53.
h4 Ra3+ 54. Kg2 Kf6 55. Rb5 Ra2 56. Rc5 Rd2 57. Rc7 Kf5 58. Rc4 Rd5 59. Rf4+
Ke6 60. Rf8 Rd2 61. Kf1 1/2-1/2

[Event "I Open Oro Caffe'"]
[Site "Udine ITA"]
[Date "2008.07.07"]
[Round "3"]
[White "Viola, Enrico"]
[Black "Castellano, Alfonso"]
[Result "0-1"]
[WhiteElo "1560"]
[BlackElo "1926"]
[PlyCount "68"]
[EventDate "2008.07.05"]

1. d4 Nf6 2. c4 g6 3. Nf3 Bg7 4. Nc3 O-O 5. e4 d6 6. Be2 e5 7. O-O Nbd7 8. d5
a5 9. Rb1 Nc5 10. Nd2 Bd7 11. a3 a4 12. f3 Nh5 13. b4 axb3 14. Nxb3 Ba4 15.
Nxa4 Nxa4 16. Qc2 Nf4 17. Bd1 b6 18. Be3 f5 19. Qd2 Qd7 20. Nc1 Nc5 21. Bxc5
dxc5 22. Rb3 Qf7 23. Kh1 Qd7 24. Ne2 Ne6 25. Rd3 fxe4 26. dxe6 Qxd3 27. Qxd3
exd3 28. Nc3 Rxa3 29. Nd5 Ra1 30. Nxc7 Bf6 31. Nd5 Kg7 32. Nxb6 Rb1 33. Nd5
Rfb8 34. Ne3 Bg5 0-1

[Event "I Open Oro Caffe'"]
[Site "Udine ITA"]
[Date "2008.07.07"]
[Round "3"]
[White "Zuttioni, Federico"]
[Black "Gabassi, Cristina"]
[Result "1-0"]
[WhiteElo "1746"]
[BlackElo "1530"]
[PlyCount "51"]
[EventDate "2008.07.05"]

1. e4 d5 2. exd5 Qxd5 3. Nc3 Qa5 4. d4 c6 5. Bd3 Nf6 6. h3 e6 7. Nf3 Bb4 8. Bd2
Bd7 9. O-O O-O 10. Ne5 Qd8 11. Bg5 Bxc3 12. bxc3 h6 13. Bh4 g5 14. Bg3 Kg7 15.
f4 Nd5 16. Qh5 Nf6 17. Qe2 Be8 18. fxg5 hxg5 19. Rxf6 Qxf6 20. Ng4 Qe7 21. Be5+
f6 22. Qe4 Kg8 23. Nxf6+ Rxf6 24. Bxf6 Qc7 25. Qg4 Qf4 26. Qxe6+ 1-0

[Event "I Open Oro Caffe'"]
[Site "Udine ITA"]
[Date "2008.07.08"]
[Round "4"]
[White "Gabassi, Francesco"]
[Black "Pagnutti, Lorenzo"]
[Result "1/2-1/2"]
[WhiteElo "1894"]
[BlackElo "2036"]
[PlyCount "121"]
[EventDate "2008.07.05"]

1. e4 e5 2. Nf3 Nc6 3. Bb5 a6 4. Bxc6 dxc6 5. O-O Qd6 6. d4 exd4 7. Qxd4 Bg4 8.
e5 Qxd4 9. Nxd4 O-O-O 10. Nb3 Bf5 11. c3 Ne7 12. Bg5 h6 13. Bxe7 Bxe7 14. N1d2
g5 15. Nf3 g4 16. Nfd4 Bg6 17. Rfe1 c5 18. Ne2 c4 19. Na5 Bd3 20. Nf4 Bg5 21.
Nxd3 cxd3 22. Rad1 Rhe8 23. Kf1 Rd5 24. Nc4 h5 25. Ne3 Rd7 26. Nf5 Bf4 27. Ng7
Rxe5 28. Rxe5 Bxe5 29. Nxh5 c5 30. Ng3 Bxg3 31. hxg3 c4 32. f3 f5 33. Kf2 Kc7
34. Ke3 Re7+ 35. Kd4 b5 36. b3 Kc6 37. bxc4 Rd7+ 38. Ke5 bxc4 39. Kxf5 gxf3 40.
gxf3 Rf7+ 41. Ke4 Kc5 42. f4 Re7+ 43. Kf5 Kd5 44. Kf6 Re6+ 45. Kf5 Re8 46. g4
Rf8+ 47. Kg5 Ke4 48. f5 Kf3 49. f6 Ke2 50. Rh1 d2 51. Kf5 Rh8 52. Rb1 Rb8 53.
Ra1 Kd3 54. f7 Kxc3 55. g5 Kb2 56. Rd1 Kc2 57. g6 Kxd1 58. g7 Ke1 59. g8=Q Rxg8
60. fxg8=Q d1=Q 61. Qxc4 1/2-1/2

[Event "I Open Oro Caffe'"]
[Site "Udine ITA"]
[Date "2008.07.08"]
[Round "4"]
[White "Tonon, Alessandro"]
[Black "Naumkin, Igor"]
[Result "1-0"]
[WhiteElo "2227"]
[BlackElo "2502"]
[PlyCount "75"]
[EventDate "2008.07.05"]

1. Nf3 Nf6 2. d4 e6 3. c4 b6 4. g3 Bb7 5. Bg2 Be7 6. O-O O-O 7. b3 d5 8. Bb2
dxc4 9. bxc4 c5 10. e3 cxd4 11. exd4 Nc6 12. Ne5 Rc8 13. Nc3 Na5 14. Bxb7 Nxb7
15. d5 Na5 16. dxe6 fxe6 17. Qe2 Qe8 18. Rad1 Qh5 19. f3 Qh3 20. g4 Qh6 21. Kg2
Rcd8 22. h4 g6 23. g5 Qxh4 24. gxf6 Bxf6 25. Ng4 Bg7 26. Ne4 h5 27. Rh1 Qe7 28.
Bxg7 Qxg7 29. Ngf6+ Kh8 30. Rxd8 Rxd8 31. Rd1 Rxd1 32. Qxd1 Qe7 33. Qd2 Kg7 34.
Qg5 Kf7 35. Qh6 Qf8 36. Qh7+ Qg7 37. Nd6+ Kf8 38. Nd7+ 1-0

[Event "I Open Oro Caffe'"]
[Site "Udine ITA"]
[Date "2008.07.09"]
[Round "5"]
[White "Canciani, Sardo"]
[Black "Bortolosso, Paolo"]
[Result "0-1"]
[WhiteElo "1529"]
[BlackElo "1464"]
[PlyCount "54"]
[EventDate "2008.07.05"]

1. c4 e5 2. Nc3 Nf6 3. a3 d5 4. cxd5 Nxd5 5. Nf3 Nc6 6. d3 Bg4 7. g3 Bc5 8. Bg2
Nxc3 9. bxc3 Qd6 10. O-O O-O-O 11. Ng5 Qg6 12. Ne4 Bb6 13. Be3 Qh5 14. Bxb6
Bxe2 15. Qb3 Bxf1 16. Bxf1 axb6 17. Qc2 f5 18. Nd2 Rhf8 19. Re1 f4 20. Bg2 fxg3
21. fxg3 Rd6 22. Ne4 Rh6 23. Bh1 Ne7 24. Qg2 c6 25. Re2 Rg6 26. Rb2 Qd1+ 27.
Qf1 Qxf1# 0-1

[Event "I Open Oro Caffe'"]
[Site "Udine ITA"]
[Date "2008.07.09"]
[Round "5"]
[White "Capaliku, Aleks"]
[Black "Tonon, Alessandro"]
[Result "1/2-1/2"]
[WhiteElo "2114"]
[BlackElo "2227"]
[PlyCount "39"]
[EventDate "2008.07.05"]

1. d4 Nf6 2. c4 e6 3. Nc3 d5 4. Bg5 Be7 5. e3 h6 6. Bh4 b6 7. Nf3 Bb7 8. h3
Nbd7 9. Rc1 O-O 10. Bd3 dxc4 11. Bxc4 c5 12. O-O Rc8 13. b3 a6 14. a4 cxd4 15.
exd4 Nd5 16. Nxd5 exd5 17. Bxe7 Qxe7 18. Qe2 Qxe2 19. Bxe2 Rxc1 20. Rxc1
1/2-1/2

[Event "I Open Oro Caffe'"]
[Site "Udine ITA"]
[Date "2008.07.09"]
[Round "5"]
[White "Capizzi, Biagio"]
[Black "Gabassi, Cristina"]
[Result "1-0"]
[WhiteElo "1820"]
[BlackElo "1530"]
[PlyCount "129"]
[EventDate "2008.07.05"]

1. d4 Nf6 2. c4 c5 3. d5 e5 4. Nc3 d6 5. e4 Be7 6. Bd3 Nbd7 7. Nf3 O-O 8. O-O
g6 9. Ne1 Nh5 10. Be3 Ng7 11. f4 f5 12. Qd2 exf4 13. Bxf4 g5 14. Be3 f4 15. Bf2
Ne5 16. Qd1 g4 17. g3 f3 18. Be3 h5 19. Qd2 h4 20. Kf2 Nh5 21. Rc1 hxg3+ 22.
hxg3 Nxg3 23. Kxg3 Bh4+ 24. Kh2 g3+ 25. Kh1 Qd7 26. Nxf3 Qh3+ 27. Nh2 Nxd3 28.
Rxf8+ Kxf8 29. Rf1+ Nf2+ 30. Rxf2+ gxf2 31. Bxf2 Bxf2 32. Qxf2+ Kg7 33. Qf4 Qh6
34. Qxh6+ Kxh6 35. Nb5 Bd7 36. Nxd6 b6 37. Kg2 Rf8 38. e5 Kg6 39. Nf3 Bg4 40.
Nd2 Kg5 41. Kg3 Bd7 42. N2e4+ Kg6 43. Nf6 Rxf6 44. exf6 Kxf6 45. Kf4 a6 46. b3
Bh3 47. Ne4+ Ke7 48. Ke5 Kd7 49. a3 Ke7 50. Nc3 Kd7 51. Ne4 Ke7 52. b4 cxb4 53.
axb4 a5 54. bxa5 bxa5 55. Nc3 Bd7 56. c5 a4 57. c6 a3 58. cxd7 Kxd7 59. Na2 Ke7
60. d6+ Kd7 61. Kd5 Kd8 62. Nb4 Kd7 63. Kc5 Kd8 64. Kc6 Kc8 65. Na2 1-0

[Event "I Open Oro Caffe'"]
[Site "Udine ITA"]
[Date "2008.07.09"]
[Round "5"]
[White "Cisilino, Oscar"]
[Black "Bortolosso, Mario"]
[Result "0-1"]
[WhiteElo "1727"]
[BlackElo "1530"]
[PlyCount "63"]
[EventDate "2008.07.05"]

1. c4 e5 2. Nc3 Nf6 3. g3 d5 4. cxd5 Nxd5 5. Bg2 Nb6 6. Nf3 Nc6 7. O-O Bd6 8.
d3 O-O 9. a3 Be6 10. Ng5 Qd7 11. Nxe6 Qxe6 12. Nb5 f5 13. Nxd6 cxd6 14. b4 a6
15. Bb2 f4 16. e3 Rf7 17. d4 Qf5 18. exf4 exf4 19. g4 Qg5 20. Bf3 Raf8 21. Kg2
Ne7 22. Qd3 d5 23. Rae1 Nc4 24. Bc1 Nf5 25. h3 h5 26. Kh2 Nh4 27. gxh5 Ne3 28.
fxe3 Qg3+ 29. Kh1 Qxh3+ 30. Kg1 Nxf3+ 31. Rxf3 Qxf3 32. Qc2 0-1

[Event "I Open Oro Caffe'"]
[Site "Udine ITA"]
[Date "2008.07.09"]
[Round "5"]
[White "Giancotti, Eraldo"]
[Black "Punteri, Marco"]
[Result "0-1"]
[WhiteElo "2092"]
[BlackElo "2011"]
[PlyCount "52"]
[EventDate "2008.07.05"]

1. d4 Nf6 2. c4 g6 3. Nc3 d5 4. cxd5 Nxd5 5. e4 Nxc3 6. bxc3 Bg7 7. Bc4 O-O 8.
Ne2 Nc6 9. Bg5 Na5 10. Bd3 c5 11. Be3 Nc6 12. Bc2 cxd4 13. cxd4 Qa5+ 14. Kf1
Qa3 15. Bb3 Rd8 16. d5 Bxa1 17. Qxa1 Na5 18. Bh6 f6 19. Bc2 Bg4 20. Nd4 Rac8
21. h3 Bd7 22. Bc1 Qb4 23. a4 Rxc2 24. Nxc2 Qc4+ 25. Kg1 Qxc2 26. f3 Nb3 0-1

[Event "I Open Oro Caffe'"]
[Site "Udine ITA"]
[Date "2008.07.09"]
[Round "5"]
[White "Giordano, Massimiliano"]
[Black "Rossi, Francesco"]
[Result "1-0"]
[WhiteElo "1912"]
[BlackElo "1677"]
[PlyCount "77"]
[EventDate "2008.07.05"]

1. b3 d5 2. Bb2 Nf6 3. g3 Nbd7 4. Nf3 e6 5. Bg2 g6 6. g4 Bg7 7. d3 O-O 8. g5
Nh5 9. Bxg7 Nxg7 10. Nbd2 b6 11. e3 Bb7 12. h4 Qe7 13. Nf1 Nh5 14. Qd2 a5 15.
N1h2 f5 16. gxf6 Qxf6 17. d4 c5 18. Ng5 Qh8 19. Ng4 h6 20. Nxe6 cxd4 21. Nxd4
Rae8 22. O-O-O Nhf6 23. Nxf6+ Qxf6 24. f4 Nc5 25. h5 g5 26. Rdf1 Qg7 27. Rhg1
Ne6 28. Kb1 Nxd4 29. Qxd4 Qxd4 30. exd4 Re2 31. Bf3 Rd2 32. c3 Rd3 33. Kc2 Re3
34. Kd2 Rfe8 35. fxg5 Kh7 36. g6+ Kg7 37. Re1 R8e6 38. Rxe3 Rxe3 39. Kxe3 1-0

[Event "I Open Oro Caffe'"]
[Site "Udine ITA"]
[Date "2008.07.09"]
[Round "5"]
[White "Miseri, Paolo"]
[Black "Bisaro, Andrea"]
[Result "0-1"]
[WhiteElo "1491"]
[BlackElo "1614"]
[PlyCount "88"]
[EventDate "2008.07.05"]

1. e4 Nc6 2. Nf3 e5 3. d4 exd4 4. Nxd4 Bc5 5. Nxc6 Qf6 6. Qe2 Qxc6 7. Nc3 Ne7
8. Be3 Bb4 9. Bd2 O-O 10. O-O-O d6 11. Qb5 Bxc3 12. Bxc3 Qxe4 13. f3 Qe3+ 14.
Kb1 Ng6 15. Bd3 c6 16. Qh5 Qe7 17. g3 f5 18. f4 Be6 19. Rde1 Qf7 20. b3 Rae8
21. Rhf1 Bd7 22. Rd1 b6 23. Ba6 d5 24. Bb2 Bc8 25. Be2 c5 26. Qf3 Bb7 27. Qf2
d4 28. Bh5 Be4 29. Rg1 Qc7 30. Bxg6 hxg6 31. a4 Re7 32. Rge1 Rfe8 33. Kc1 a6
34. h4 Qc6 35. Rd2 Bf3 36. Rxe7 Rxe7 37. Kb1 Qe4 38. Ka2 b5 39. a5 Qe3 40. Qh2
Qe1 41. c3 Be4 42. cxd4 Qb1+ 43. Ka3 b4+ 44. Ka4 Bc6# 0-1

[Event "I Open Oro Caffe'"]
[Site "Udine ITA"]
[Date "2008.07.09"]
[Round "5"]
[White "Muzzolini, Claudio"]
[Black "Petrosino, Germano"]
[Result "1-0"]
[WhiteElo "1868"]
[BlackElo "1832"]
[PlyCount "88"]
[EventDate "2008.07.05"]

1. e4 e5 2. Nf3 Nc6 3. d4 exd4 4. Nxd4 Nf6 5. Nxc6 bxc6 6. Bd3 d5 7. exd5 cxd5
8. O-O Be7 9. Nc3 O-O 10. Bg5 c6 11. h3 Be6 12. Qf3 Rb8 13. b3 c5 14. Rad1 d4
15. Bxf6 Bxf6 16. Ne4 Rc8 17. Nxf6+ Qxf6 18. Qb7 Rfd8 19. Qe4 Qh6 20. Rde1 Bd5
21. Qg4 Be6 22. Qg3 c4 23. bxc4 Bxc4 24. Re4 Bxd3 25. Qxd3 Rc3 26. Qxd4 Rcc8
27. Qa4 Qg6 28. Rfe1 h6 29. Re8+ Rxe8 30. Rxe8+ Rxe8 31. Qxe8+ Kh7 32. Qa4 Qe6
33. Qxa7 Qe1+ 34. Kh2 Qe5+ 35. g3 Qc3 36. a4 Qxc2 37. a5 Qa4 38. Qb6 f6 39. a6
f5 40. g4 Qe4 41. Qb5 Qf3 42. Qf1 Qe4 43. a7 f4 44. Qa1 Qb7 1-0

[Event "I Open Oro Caffe'"]
[Site "Udine ITA"]
[Date "2008.07.09"]
[Round "5"]
[White "Naumkin, Igor"]
[Black "Gabassi, Francesco"]
[Result "1-0"]
[WhiteElo "2502"]
[BlackElo "1894"]
[PlyCount "45"]
[EventDate "2008.07.05"]

1. d4 Nf6 2. c4 c5 3. d5 e5 4. Nc3 d6 5. e4 Be7 6. Nf3 Nbd7 7. Be2 h5 8. O-O h4
9. Ne1 Nf8 10. Nd3 Ng6 11. Rb1 Bd7 12. b4 b6 13. Be3 Qc8 14. Qd2 Nh5 15. Bxh5
Rxh5 16. h3 Bxh3 17. gxh3 Qxh3 18. f3 Nf4 19. Nxf4 exf4 20. Bxf4 Bg5 21. Bxg5
Qg3+ 22. Qg2 Rxg5 23. Qxg3 1-0

[Event "I Open Oro Caffe'"]
[Site "Udine ITA"]
[Date "2008.07.09"]
[Round "5"]
[White "Orsatti, Marcello"]
[Black "Fantini, Marco"]
[Result "1-0"]
[WhiteElo "2004"]
[BlackElo "2067"]
[PlyCount "108"]
[EventDate "2008.07.05"]

1. c4 Nc6 2. Nc3 e6 3. e4 Bc5 4. Nf3 Qf6 5. d3 h6 6. Be3 Bxe3 7. fxe3 Nge7 8.
Be2 Ng6 9. O-O O-O 10. d4 d6 11. Qd2 Qe7 12. Rae1 a6 13. Bd3 e5 14. Nd5 Qd8 15.
a3 Na7 16. b4 c6 17. Nc3 Bg4 18. h3 Bxf3 19. Rxf3 Nh4 20. Rf2 Qg5 21. Kh2 Rae8
22. Ref1 Re6 23. c5 Rg6 24. Bc4 Qg3+ 25. Kh1 Kh8 26. Rxf7 Rxf7 27. Rxf7 exd4
28. Rf8+ Kh7 29. Bg8+ Kh8 30. Bf7+ Kh7 31. Bxg6+ Nxg6 32. Ne2 dxe3 33. Nxg3
exd2 34. Rf1 dxc5 35. bxc5 Ne5 36. Rd1 Nb5 37. Rxd2 Nxa3 38. Rd8 Nac4 39. Rb8
Na5 40. Rd8 Nac4 41. Nf5 a5 42. Rb8 a4 43. Rxb7 a3 44. Rxg7+ Kh8 45. Ra7 Nd3
46. Nd6 Nd2 47. Rxa3 Nxc5 48. e5 Kg7 49. Rc3 Ndb3 50. Ne4 Nxe4 51. Rxb3 Kf7 52.
Rb6 c5 53. Rxh6 c4 54. Rh5 Nd2 1-0